01063nam a22002297a 4500003000400000005001700004008004100021040002200062082001500084100003200099245002300131260002700154300001800181366000800199505001900207505014600226505019500372505013200567650004100699650004500740650004800785OSt20230914160804.0221006b |||||||| |||| 00| 0 eng d cBiblioteca Lado V a700bR673a aRoche Rabel, Arnaldoeautor aActos Compulsivos/ bMUSEO DE ARTE DE PONCE c28x22cma32p. espa tPresentación aAterrorizar mujeres y niños Estudio sobre revuelto La resistencia se hace en la sopa Secuestro a Miguel HidalgotUrgencia y Coyuntura #6 aDecálago del ente transparente La ventana Algunas notas y Experiencias sobre la colonización Neo-Liberal del cuerpo femenino Pulsar Manifiesto 666Histerismocrítico tChicatanas #7 aDónde están las coronas? La panza del Tepozteco ¿Qué implica ser salvaje? Huelga contra el tiempotTiempos Ferales #8 2Tesauro de Arte & ArquitecturaaARTE 2Tesauro de Arte & ArquitecturaaCATALOGO 2Tesauro de Arte & ArquitecturaaCOLECCIÓN